00928ntm a22002417a 450000500170000000800410001704000280005808200170008610000260010324500730012926000100020230000420021250001810025459000100043565000390044565300230048465500090050770000350051677700090055194200080056099900170056895201010058520170813140206.0170802s2010 xx a frb 000 0 eng d aEG-ScBUEbengcEG-ScBUE04222a624bMAN1 aMansour, Ayman Ahmed.10aNumerical modeling of slab-beam type floors /cAyman Ahmed Mansour . c2010. a58 p., 60 p. :bill. (col.) ;c28 cm. aA dissertation submitted to the Faculty of engineering,the British University in Egypt, in partial fulfillment of the requirements for the bachelor degree in civil engineering. amanar 72BUEshvProjectsaCivil Engineering bENGCIVcAugust2017 vSPRO1 ethsaRashed, Youssef F.934670 ASPRO 2ddc c25164d25136 00102ddc4070aMAINbMAINc2NDd2017-08-07l0o624 MANp000046311r2025-07-15 00:00:00yPROJST